NJPW Roster 2019 - Statistics

General Stats
  • This quiz has been taken 167 times
    156 since last reset
  • The average score is 39 of 63
Answer Stats
Hint Answer % Correct
The Rainmaker Kazuchika Okada
98%
Switchblade Jay White
91%
The Ace Hiroshi Tanahashi
90%
The Aerial Assasin Will Ospreay
90%
The Rogue General Bad Luck Fale
89%
Ungovernable Tetsuya Naito
89%
Stone Pitbull Tomohiro Ishii
89%
King of Darkness EVIL
88%
The King Minoru Suzuki
85%
Golden Star Kota Ibushi
83%
The Good Bad Guy Tama Tonga
83%
Death Rider Jon Moxley
81%
Cold Skull SANADA
81%
Submission Master Zack Sabre Jr.
81%
The Painmaker Chris Jericho
78%
Ticking Time Bomb Hiromu Takahashi
78%
ELP El Phantasmo
77%
The Silverback Tanga Loa
77%
Bone Soldier Taiji Ishimori
75%
The Villain Marty Scurll
74%
The Dragon Shingo Takagi
73%
Shock Arrow SHO
72%
Jet Black Death Mask BUSHI
71%
The Crown Jewel Chase Owens
70%
Complete Shot YOH
69%
Celtic Prince David Finlay
68%
The Flamboyant Juice Robinson
68%
Sniper of The Skies Robbie Eagles
68%
The Tokyo Pimp Yujiro Takahashi
66%
Fierce Warrior Hirooki Goto
65%
YTR Toru Yano
64%
Narazumuno Luchador El Desperado
63%
Raintaker Gedo
63%
Azúcar Rocky Romero
63%
The American Psycho Lance Archer
61%
The World's Slyest Wrestler Taichi
61%
Blue Justice Yuji Nagata
61%
Fang Revived KENTA
60%
Funky Weapon Ryusuke Taguchi
60%
Head Hunter YOSHI-HASHI
60%
Master Heater Jado
59%
Tongan Giant Hikuleo
56%
Cozy Satoshi Kojima
56%
Unchained Gorilla Togi Makabe
50%
Maori Warrior Toa Henare
48%
Blue Playmaker Taka Michinoku
47%
Minna no Kokeshi Tomoaki Honma
46%
Heel Master Yoshinobu Kanemaru
46%
Mōgyū Hiroyoshi Tenzan
44%
Symbol of Junior Jushin Thunder Liger
43%
???? DOUKI
40%
Young Lion Shota Umino
40%
Young Lion Ren Narita
36%
Young Lion (LA Dojo) Clark Connors
33%
Young Lion (LA Dojo) Alex Coughlin
31%
Kogane no Tora Tiger Mask IV
31%
El Niño Maravilla Dragon Lee
30%
Young Lion (LA Dojo) Karl Fredericks
30%
Yajin Manabu Nakanishi
28%
Mad Mikey Nicholls
27%
Young Lion Yota Tsuji
27%
Young Lion Yuya Uemura
21%
Young Lion (Fale Dojo) Michael Richards
13%
No matching quizzes found
Score Distribution
Percent of People with Each Score
Percentile by Number Answered
Your Score History
You have not taken this quiz since the last reset